00708nam a2200241 a 4500001001300000003000900013005001700022008004100039020001000080082001900090100002500109245002500134260003600159300000900195500003500204505003700239650002300276700002500299902000800324942000700332952011200339999001500451nice12345678IN_TiNIC20260116012705.0050524s1984 dela grp 000 0 eng  ac15000a297.1977bENG3 aEngineer, Asghar Ali aIslam and Revolution aDelhibAjanta Publicationc1984 a268p aincludes index and biblioraphy2 aAppendix, notes and bibliography aIslam and Politics1 aEngineer, Asghar Ali bSRS cBK 00104070aHMIbHMId2007-07-03g150.00l1o297.1977 ENG3p011724r2024-02-28s2024-02-23w2026-01-16yEB c7966d7966